Noël... ou Léon ? - Statistiques

Statistiques générales
  • Ce quiz a été pris 2 263 fois
  • Le résultat moyen est 7 sur 12
Statistiques - réponses
Question Réponse % Correct
Jean Reno a joué dans un film portant mon nom. Léon
92%
Je suis un prénom porté par un champion olympique français de natation. Léon
84%
Je suis le prénom le plus porté en France parmi les deux. Léon
83%
Je suis un prénom qu'un pape a porté. Léon
76%
Je suis le nom de famille le plus porté en France parmi les deux. Noël
74%
Je suis à la fois une ville importante d'Espagne et du Mexique. Léon
56%
Je suis le prénom porté par l'un des candidats s'étant présentés à l'élection présidentielle française pour le parti Les Verts ou Europe Écologie Les Verts. Noël
53%
Je suis le nom de famille du réalisateur des films "Le Bon, la Brute et le Truand" et "Il était une fois dans l'Ouest". Aucun des deux
44%
Je suis un prénom porté par l'un des membres du groupe Oasis. Noël
44%
Je suis un mot valide au scrabble. Noël
32%
Je suis fêté en fin d'année. Les deux
22%
On y mange des fruits de mer. Les deux
16%
Aucun quiz correspondant
Distribution des résultats
% des personnes avec chaque résultat
Percentile par nombre de réponses
Votre historique - résultats
Vous n’avez pas pris ce quiz